|
|
|
|
| LEADER |
00579cam a2200193 a 4500 |
| 001 |
0000102309 |
| 005 |
20080923090000.0 |
| 040 |
|
|
|a mod
|
| 041 |
|
|
|a eng
|
| 020 |
0 |
0 |
|a 0520024370
|
| 090 |
0 |
0 |
|a 320.95195043
|b HAN
|e 1974
|
| 100 |
0 |
0 |
|a Han
|h Sung-ju
|
| 245 |
1 |
4 |
|a The failure of democracy in South Korea
|c Sung-ju Han
|
| 260 |
0 |
0 |
|a Berkeley
|b University of California Press
|c 1974
|
| 300 |
|
|
|a xii, 240 p.
|c 25 cm
|
| 504 |
0 |
0 |
|a Bibliography: p. 216-227
|
| 651 |
0 |
0 |
|a Korea
|x Politics and government
|y 1948-1960
|
| 999 |
|
|
|
| 999 |
|
|
|a 0000009043
|b MTAT
|d BOOKS
|e Umum
|f MTAT
|j AVAILABLE
|p 1
|q GOOD CONDITION
|